মুহাম্মদের নাম: (Record no. 18877)

MARC details
000 -LEADER
fixed length control field 00870nam a22002057a 4500
003 - CONTROL NUMBER IDENTIFIER
control field BDDh-ASL
005 - DATE AND TIME OF LATEST TRANSACTION
control field 20231015025738.0
008 - FIXED-LENGTH DATA ELEMENTS--GENERAL INFORMATION
fixed length control field 201031s2010 b ||||| |||| 00| 0 b d
040 ## - CATALOGING SOURCE
Original cataloging agency BDDh-ASL
Transcribing agency BDDh-ASL
041 ## - LANGUAGE CODE
Language code of text/sound track or separate title ben
082 ## - DEWEY DECIMAL CLASSIFICATION NUMBER
Classification number 297.63
Item number ABM
100 1# - MAIN ENTRY--PERSONAL NAME
9 (RLIN) 1498
Personal name আব্বাসী, মুস্তাফা জামান
245 10 - TITLE STATEMENT
Title মুহাম্মদের নাম:
Remainder of title বিশ্বনবীর জীবনী /
246 ## - VARYING FORM OF TITLE
Title proper/short title Mohammader (Sm) Nam (Life and works of Prophet) biography by Mustafa Zaman Abbasi.
260 ## - PUBLICATION, DISTRIBUTION, ETC.
Place of publication, distribution, etc. ঢাকা :
Name of publisher, distributor, etc. অনন্যা,
Date of publication, distribution, etc. 2010.
300 ## - PHYSICAL DESCRIPTION
Extent ৫১৫ পৃ. :
Dimensions ২২ সে.মি.
650 #0 - SUBJECT ADDED ENTRY--TOPICAL TERM
9 (RLIN) 792
Topical term or geographic name entry element মহানবী (সঃ) এর জীবনী
General subdivision ইসলাম ধর্ম
650 #0 - SUBJECT ADDED ENTRY--TOPICAL TERM
9 (RLIN) 697
Topical term or geographic name entry element মহানবীর জীবনী
General subdivision ইসলাম ধর্ম
942 ## - ADDED ENTRY ELEMENTS (KOHA)
Source of classification or shelving scheme Dewey Decimal Classification
Koha item type Books
Holdings
Withdrawn status Lost status Source of classification or shelving scheme Damaged status Not for loan Collection code Home library Current library Shelving location Date acquired Source of acquisition Total Checkouts Full call number Barcode Date last seen Copy number Price effective from Koha item type
    Dewey Decimal Classification     Non-fiction Asiatic Society Library Asiatic Society Library General Stacks 10/31/2020 Complementary   297.63 ABM 102112 10/31/2020 C-1 10/31/2020 Books

Powered by Koha